NFL - Name These Players (MEDIUM) - Statistics

General Stats
  • This quiz has been taken 171 times
  • The average score is 5 of 8
Answer Stats
Picture Answer % Correct
Puka Nacua
95%
Antonio Brown
92%
Dexter Lawrence II
77%
Dorian Thompson-Robinson
63%
Patrick Ricard
62%
Clyde Edwards-Helaire
61%
Daron Payne
42%
JC Jackson
42%
No matching quizzes found
Score Distribution
Percent of People with Each Score
Percentile by Number Answered
Your Score History
You have not taken this quiz